000 00582nam a2200169 a 4500
005 20221118063442.0
008 991125s1920 par 000 0 spa u
035 _aUPN01000006062
049 _aLT
050 4 _aLB1573 M6
_bC6.2 LL
100 1 _aCordero, Salvador,
_d1876-1951
245 1 3 _aEl Brincón :
_bhistoria de un caballo mexicano : libro de lectura para las escuelas primarias superiores /
_cSalvador Cordero.
260 _aParís :
_bLibrería de Ch. Bouret,
_c1920.
300 _a154 p. :
_bil.
650 4 _aLectura
_xEstudio y enseñanza (Elemental)
_92805
905 _aLibro
999 _c6062
_d6062